000
00271nam a22001217a 4500
008
180926b xxu||||| |||| 00| 0 eng d
041
_a
eng
080
_a
619
100
_a
5
101
_a
ANE
245
_a
Anesthesia And Analgesia
_c
Dunke P.K
942
_2
udc
_c
BK
999
_c
48491
_d
48491